| 000 | 00837nam a2200229 4500 | ||
|---|---|---|---|
| 001 | 1820 | ||
| 005 | 20181127164042.0 | ||
| 008 | 921023s1992 ii a 000 0 eng | ||
| 010 | _a 92907349 | ||
| 020 | _a8185019223 | ||
| 043 | _ad------ | ||
| 245 | 0 | 0 |
_aToxic hazards & the environement [sic] : _bcase studies. |
| 250 | _a1st Indian ed. | ||
| 260 |
_aDehra Dun : _bNatraj Publishers, _c1992. |
||
| 300 |
_a132 p. : _bill. ; _c27 cm. |
||
| 520 | _aDocuments relating to toxic wastes and their export to developing countries; prepared by the Third World Network. | ||
| 650 | 0 |
_aHazardous waste sites _zDeveloping countries. |
|
| 650 | 0 |
_aHazardous wastes _xEnvironmental aspects. |
|
| 650 | 0 |
_aHazardous wastes _xSafety measures. |
|
| 710 | 2 | _aThird World Network (George Town, Penang) | |
| 740 | 0 | _aToxic hazards and the environment. | |
| 999 |
_c1390 _d1390 |
||